000 00418nam a22001697a 4500
005 20180209124400.0
008 160429b xxu||||| |||| 00| 0 eng d
020 _a81-7722303-8
041 _aeng
082 _b00762
_a006.6
100 _aLojkine, Mary
_9213
245 _aWEB GRAPHICS :IN EASY STEPS
260 _aNew Delhi
_bDreamtech,
_c2003
300 _a192
650 _aInformation Technology
_9137
942 _cBK
999 _c238
_d238